01375cam a2200241 a 450000100100000000500170001000800410002702000150006804000250008308200130010810000350012124501060015626000490026230000280031144000620033950000640040150003460046550400520081150000870086350000440095095201240099499900150111800000119920200929145514.0870812s1986 cl a b i100 0 spa  a9213212046 aDO-SdBNPbspacBNPHU avvbG2161 aGarcía Elizalde, Pedro9409513aEl desarrollo frutícula y forestal en Chile y sus derivaciones sociales /cPedro García Elizalde. aSantiago de Chile :bNaciones Unidas,c1986. a234 p. :bil. ;c23 cm. 0aEstudios e informes de la CEPALx0256-9795 ;vv. 5793101 aTexts prepared by Pedro Garcia Elizalde and Jose I. Leyton. a"Los documentos incluidos en este numero fueron presentados al Taller CEPAL/FAO sobre Politica Agricola y Desarrollo Rural (Santiago de Chile, 26 al 30 de agosto de 1985) que forma parte del proyecto conjunto del gobierno de los paises bajos y la CEPAl relativo al mismo tema adscrito a la Division Agricolas Conjunta CEPAL/FAO"--T.p. verso. aIncluye referencia bibliográficas(p. 225-227) a"Publicación de las Naciones Unidas, número de venta S.86.II.G.7"--T.p. verso. a"LC/G.1378, enero de 1986"--T.p. verso. 001052758DSaBNPHUbBNPHUcHDd2009-09-22iLF1l0ovv G216p1199-10r2020-06-25w2020-06-25yLF1ZPréstamo interno c1150d1150